Leadership Six Studies in World Strategy

Gespeichert in:
Bibliographische Detailangaben
1. Verfasser: Kissinger, Henry
Format: Buch
Sprache:Englisch
Veröffentlicht: London Allen Lane/Penguin Books 2022
Ausgabe:1st Edition
Schlagworte:
Tags: Tag hinzufügen
Keine Tags, Fügen Sie das erste Tag hinzu!

MARC

LEADER 00000nam a2200000 4500
001 0295209
005 20240416114209.4
020 |a 978-0-241-54200-2 
041 0 |a eng 
044 |a GB 
245 1 0 |a Leadership  |b Six Studies in World Strategy  |c Henry Kissinger 
250 |a 1st Edition 
264 1 |a London  |b Allen Lane/Penguin Books  |c 2022 
300 |a 499 s. 
610 2 0 |a vodcovstvo 
610 2 0 |a lídri 
610 2 0 |a riadenie 
610 2 0 |a história 
610 2 0 |a stratégia hospodárska 
610 2 0 |a politika medzinárodná 
100 1 |a Kissinger, Henry